| 000 | 00899nam a2200289 a 4500 | ||
|---|---|---|---|
| 001 | 000032150 | ||
| 003 | DO-SdBNP | ||
| 005 | 20240412074255.0 | ||
| 006 | a||||gr|||| 00| 0 | ||
| 007 | ta | ||
| 008 | 110713s1984 dr a r 000 0 spa d | ||
| 040 |
_aDO-SdBNP _bspa _cBNPHU _erda |
||
| 082 | 4 |
_aRD861.44 _bM663o _222 |
|
| 100 | 1 |
_aMinaya, Leopoldo, _d1963- _918314 _eautor |
|
| 245 | 1 | 0 |
_aOscilación de péndulo / _cLeopoldo Minaya. |
| 264 |
_aSanto Domingo : _bLibros y Textos, _c1984 |
||
| 300 |
_a50 páginas : _bIlustraciones ; _c16 cm. |
||
| 336 |
_2rdacontent _atexto _btxt |
||
| 337 |
_2rdamedia _asin mediación _bn |
||
| 338 |
_2rdacarrier _avolumen _bnc |
||
| 490 | 0 |
_aAntología de nuestra voz ; _v10 |
|
| 590 | _aInventariado, 2023 / MF | ||
| 650 | 0 |
_aPoesía dominicana _966 |
|
| 650 | 0 |
_aLiteratura dominicana. _967 |
|
| 910 | _aValidado. Control de calidad. MFF | ||
| 942 |
_2ddc _cLBS1 |
||
| 999 |
_c31641 _d31641 |
||